000
00292cam a22001097a 4500
008
180718b xxu||||| |||| 00| 0 eng d
082
_a
T3103064x54 Y32/62
245
_a
Year book on company law 1962
260
_a
Madras
_b
Efficiency Aids Private Ltd.
_c
300
_a
147p.
650
_a
Company- law
999
_c
432224
_d
432224